00361nam a22001337a 450000500170000000800410001702000180005805000140007610000200009024500480011025000120015826000380017030000190020820260422173656.0260422b |||||||| |||| 00| 0 eng d a9780415321532 aP146b.H3 aHawkes, Terence aStructuralism and SemioticscTerence Hawkes a2nd ed. aLondonaNew YorkbRoutledgec2009 ax. 176p.c20cm